老年護理學 : (Record no. 7236)
[ view plain ]
| 000 -LEADER | |
|---|---|
| fixed length control field | 00740cam a2200217 i 4500 |
| 001 - CONTROL NUMBER | |
| control field | 1049552 |
| 003 - CONTROL NUMBER IDENTIFIER | |
| control field | YEEZEN |
| 005 - DATE AND TIME OF LATEST TRANSACTION | |
| control field | 20211227125618.0 |
| 008 - FIXED-LENGTH DATA ELEMENTS--GENERAL INFORMATION | |
| fixed length control field | 0925s2020 ch ak g b 000 0 chi d |
| 020 ## - INTERNATIONAL STANDARD BOOK NUMBER | |
| International Standard Book Number | 9789861945606 |
| Qualifying information | (平裝) : |
| Terms of availability | NT$550 |
| 040 ## - CATALOGING SOURCE | |
| Original cataloging agency | TWTNM |
| Language of cataloging | chi |
| Transcribing agency | TWTNM |
| 042 ## - AUTHENTICATION CODE | |
| Authentication code | nbic |
| 084 ## - OTHER CLASSIFICATION NUMBER | |
| Classification number | 419.824 |
| Number source | ncsclt |
| 090 ## - LOCALLY ASSIGNED LC-TYPE CALL NUMBER (OCLC); LOCAL CALL NUMBER (RLIN) | |
| Classification number (OCLC) (R) ; Classification number, CALL (RLIN) (NR) | 419.824 |
| Local cutter number (OCLC) ; Book number/undivided call number, CALL (RLIN) | 8763 |
| 100 1# - MAIN ENTRY--PERSONAL NAME | |
| Personal name | 張佳琪 |
| 245 10 - TITLE STATEMENT | |
| Title | 老年護理學 : |
| Remainder of title | 照護理論與應用 = Gerontological nursing : theory and practice of care / |
| Statement of responsibility, etc. | 張佳琪(Chang, Chia-Chi)等作 |
| 246 31 - VARYING FORM OF TITLE | |
| Title proper/short title | Gerontological nursing : theory and practice of care. |
| 246 30 - VARYING FORM OF TITLE | |
| Title proper/short title | 照護理論與應用 |
| 250 ## - EDITION STATEMENT | |
| Edition statement | 一版 |
| 260 ## - PUBLICATION, DISTRIBUTION, ETC. | |
| Place of publication, distribution, etc. | 臺北市 : |
| Name of publisher, distributor, etc. | 華杏, |
| Date of publication, distribution, etc. | 2020.05. |
| 300 ## - PHYSICAL DESCRIPTION | |
| Extent | [16], 469面 : |
| Other physical details | 圖, 表 ; |
| Dimensions | 26公分 |
| 504 ## - BIBLIOGRAPHY, ETC. NOTE | |
| Bibliography, etc. note | 含參考書目 |
| 650 #7 - SUBJECT ADDED ENTRY--TOPICAL TERM | |
| Topical term or geographic name entry element | 老年護理 |
| Source of heading or term | lcstt. |
| 942 ## - ADDED ENTRY ELEMENTS (KOHA) | |
| Source of classification or shelving scheme | 中文圖書分類法 |
| Koha item type | 長期借閱書籍 |
| 撤銷狀態 | 遺失狀態 | 分類號來源 | 損壞狀態 | 不外借 | 永久館藏地 | 現在館藏地 | 書架位置 | 採購日期 | 全部借出 | 全部續借 | 完整索書號 | 條碼號 | 還書日 | 最後一次日期記錄 | Date last checked out | 一般價格有效日期 | Koha館藏類型 | 公開資訊 |
|---|---|---|---|---|---|---|---|---|---|---|---|---|---|---|---|---|---|---|
| 未註銷館藏 | 未遺失 | 中文圖書分類法 | 未損毀 | 可外借 | 怡仁綜合醫院圖書館 | 怡仁綜合醫院圖書館 | 居家護理 | 2021-12-27 | 12 | 6 | 419.824 | C02823 | 2026-06-30 | 2026-01-02 | 2026-01-02 | 2021-12-27 | 長期借閱書籍 | 臺灣已正式進入高齡社會,長者照護成為不可忽視的重要議題。老年護理學的範疇含括老年人的全人健康、功能評估、照護計畫與執行、照護措施等。本書以護理與長期照護人員的角度,說明常見情況的案例分享與照護技巧,並論及家庭照顧者的需求與資源...... |